Jellicle Songs for Jellicle Cats Lyrics Quiz - Statistics

General Stats
  • This quiz has been taken 32 times
  • The average score is 315 of 474
Answer Stats
Answer % Correct
a
100%
A
100%
C
100%
the
100%
The
100%
an
95%
Are
95%
are
95%
when
95%
When
95%
you
95%
your
95%
on
90%
you're
90%
and
86%
And
86%
Can
86%
can
86%
I
86%
in
86%
Jellicle
86%
of
86%
who
86%
cat
81%
cat (x3)
81%
dark
81%
look
81%
see
81%
at
76%
be
76%
blind
76%
born
76%
cats
76%
cats (x4)
76%
cats (x5)
76%
his
76%
sit
76%
We
76%
bark
71%
bite
71%
do
71%
Do
71%
do (x4)
71%
for
71%
king
71%
say
71%
there
71%
to
71%
walk
71%
Were
71%
were
71%
alone
67%
as
67%
As
67%
Because
67%
by
67%
cock
67%
like
67%
my
67%
song
67%
that
67%
That
67%
throne
67%
with
67%
Would
67%
would
67%
friend
62%
If
62%
songs
62%
than
62%
walking
62%
way
62%
worse
62%
air
57%
find
57%
go
57%
heaven
57%
hell
57%
how
57%
it's
57%
Jellicles
57%
know
57%
mean
57%
assistant
52%
broomstick
52%
commissioned
52%
feet
52%
flying
52%
from
52%
Have
52%
heaviside
52%
land
52%
layer
52%
lean
52%
lost
52%
pied
52%
piper's
52%
places
52%
rat
52%
Sphinx
52%
trapeze
52%
been
48%
bell
48%
candle
48%
fall
48%
far
48%
head
48%
keen
48%
lynx
48%
ride
48%
seen
48%
smelling
48%
street
48%
there's
48%
There's
48%
through
48%
up
48%
wall
48%
alumnus
43%
book
43%
dance
43%
distant
43%
down
43%
Familiar
43%
man
43%
minx
43%
sing
43%
turn
43%
What
43%
Whittington's
43%
wire
43%
balance
38%
begin
38%
double
38%
mystical
38%
not
38%
now
38%
one
38%
Pharaohs
38%
sense
38%
somersaults
38%
storm
38%
tense
38%
trees
38%
tyre
38%
always
33%
dive
33%
eyes
33%
Hallelujah
33%
house
33%
key
33%
metaphorical
33%
more
33%
others
33%
over
33%
Political
33%
Romantical
33%
same
33%
Singing
33%
Strauss
33%
Waltzes
33%
who's
33%
about
29%
bars
29%
bounce
29%
brings
29%
Choir (x2)
29%
divinity
29%
Duets
29%
everlasting
29%
faithful
29%
felinity
29%
heard
29%
Messiah
29%
Oratorical
29%
own
29%
queens
29%
Rossini
29%
run
29%
swing
29%
time
29%
triumphantly
29%
true
29%
unashamed
29%
well
29%
What's
29%
actually
24%
angelical
24%
astronomical
24%
cathedral
24%
chants
24%
Cynical
24%
dramatical
24%
fearless
24%
Feline
24%
hypocritical
24%
hysterical
24%
pieces
24%
Practical
24%
Pragmatical
24%
Round
24%
surprise
24%
very
24%
Allegorical
19%
Clerical
19%
fanatical
19%
Handling
19%
heights
19%
Life
19%
new
19%
nights
19%
old
19%
parasitical
19%
Pedantical
19%
rabbinical
19%
rang
19%
Statistical
19%
Vivat
19%
Critical
14%
much
14%
Delphicoracle
10%
dispeptical
10%
No matching quizzes found
Score Distribution
Percent of People with Each Score
Percentile by Number Answered
Your Score History
You have not taken this quiz